Hướng dẫn tự học và thực hành PRO engineer căn bản và nâng cao
Spremljeno u:
| Glavni autor: | |
|---|---|
| Format: | Knjiga |
| Jezik: | Undetermined |
| Izdano: |
H.
Thống kê
2004
|
| Teme: | |
| Oznake: |
Dodaj oznaku
Bez oznaka, Budi prvi tko označuje ovaj zapis!
|
| Thư viện lưu trữ: | Trung tâm Học liệu Trường Đại học Cần Thơ |
|---|
| LEADER | 00650nam a2200217Ia 4500 | ||
|---|---|---|---|
| 001 | CTU_59925 | ||
| 008 | 210402s9999 xx 000 0 und d | ||
| 020 | |b 83000 | ||
| 020 | |c 83000 | ||
| 082 | |a 620.00420285 | ||
| 082 | |b Nh121 | ||
| 100 | |a Trịnh Thành Nhân | ||
| 245 | 0 | |a Hướng dẫn tự học và thực hành PRO engineer căn bản và nâng cao | |
| 245 | 0 | |c Trịnh Thành Nhân | |
| 260 | |a H. | ||
| 260 | |b Thống kê | ||
| 260 | |c 2004 | ||
| 650 | |a engineering,cad/cam ( computer programs ) | ||
| 650 | |x data processing | ||
| 904 | |i Minh | ||
| 980 | |a Trung tâm Học liệu Trường Đại học Cần Thơ | ||